000 00608nam a2200241 a 4500
001 nice12345678
003 IN_TiNIC
005 20260116012242.0
008 050524s1980 lona grp 000 0 eng
020 _a0281310
_c510
082 0 0 _a248
_bNOF
100 _aNoffke, Suzanne
245 _aCatherine of Siena
_b the Dialogue
260 _aLondon
_bSPCK
_c1980
300 _a398p
500 _aincludes index and biblioraphy
505 2 _aSelected Bibliography, Index
650 _aSpirituality-Christian
700 1 _aNoffke, Suzanne
902 _bSRS
942 _cBK
999 _c6247
_d6247